000 00522nmm a2200157Ia 4500
008 251105s9999||||xx |||||||||||||||||und||
020 _a9789562603935
041 _aspa
100 _aLópez-Cabrales, María del Mar
245 0 _aArenas cálidas en alta mar : entrevistas a escritoras contemporáneas en Cuba
264 _a[Santiago de Chile, Chile] :
_bCuarto Propio,
_c2007
300 _a210 páginas
650 _aLatin American literature
856 _uhttps://public.digitaliapublishing.com/a/38289
942 _cCF
999 _c94213
_d94213